[Event "Mechanics' Jul-Aug TNM 2000+"]
[Site "San Francisco"]
[Date "2021.08.17"]
[Round "6.1"]
[White "Bambou, Christophe"]
[Black "Winslow, Elliott"]
[Result "0-1"]
[WhiteElo "2121"]
[BlackElo "2278"]
[PlyCount "92"]
[EventDate "2021.??.??"]

1. e4 c5 2. c3 Nf6 3. e5 Nd5 4. Nf3 d6 5. exd6 e6 6. g3 Bxd6 7. Bg2 O-O 8. O-O
Nc6 9. d4 {[#]} b6 ({Relevant:} 9... cxd4 10. Nxd4 Nxd4 11. Qxd4 Bc7 12. Nd2
Bb6 13. Qd3 Nf4 14. Qxd8 Ne2+ 15. Kh1 Rxd8 16. Nc4 Nxc1 17. Raxc1 Bc7 18. Rfd1
Rxd1+ 19. Rxd1 Kf8 20. Kg1 Ke7 21. Kf1 Rb8 22. b4 b6 23. Ke1 Ba6 24. Ne3 Be5
25. Rc1 Rc8 26. Kd2 Rd8+ 27. Kc2 Bd3+ 28. Kb3 Bg6 29. Rd1 Rxd1 30. Nxd1 Bc7 31.
a4 Bd3 32. Nb2 Be2 33. Kc2 f5 34. Kd2 Ba6 35. Nd1 g6 36. Ne3 f4 37. Nc2 h5 38.
Nd4 fxg3 39. fxg3 {Abdusattorov,N (2627)-Andreikin,D (2726) chess.com INT 2020
0-1 (73)}) 10. c4 Nde7 11. Nc3 Bb7 12. dxc5 Bxc5 13. Ne4 Nd4 14. Nxd4 Bxd4 {[#]
} 15. Qc2 $146 ({Predecessor:} 15. Bg5 f6 16. Qg4 f5 17. Qh4 Ng6 18. Bxd8 Nxh4
19. Bxh4 Bxe4 20. Bxe4 fxe4 21. Rae1 e3 22. fxe3 Rxf1+ 23. Kxf1 Bxb2 24. Rd1 h6
25. Rd8+ Rxd8 26. Bxd8 Be5 27. Be7 Kf7 28. Bb4 Ke8 29. Ke2 Kd7 30. Kd3 Kc6 31.
Bf8 Bf6 32. g4 Kd7 33. Ke4 Bc3 34. h3 Bf6 35. Kd3 Kc6 36. a4 a6 37. Kc2 b5 38.
cxb5+ axb5 39. axb5+ Kxb5 40. Kd3 Kc6 41. Ke4 Kd7 42. Bc5 Bd8 43. Bd4 g6 44.
Bc3 Ke8 {Chadaev,N (2577)-Tilicheev,V (2361) Moscow 2011 1/2-1/2}) 15... Qc7
16. Bd2 f5 17. Ng5 Bxg2 18. Kxg2 Qc6+ 19. Kg1 h6 20. Nh3 Ng6 {[#]} 21. Nf4 Ne5
22. Ng2 Qxc4 23. Rfc1 Nf3+ 24. Kh1 Qxc2 25. Rxc2 Rac8 26. Rac1 Rxc2 27. Rxc2
Rd8 {[#]} 28. Be3 Bxb2 29. Rxb2 Rd1+ 30. Ne1 Nxe1 31. Re2 e5 32. h4 f4 {[#]}
33. gxf4 exf4 34. Bxb6 axb6 35. Re6 b5 36. Rb6 b4 37. Kh2 Nd3 38. f3 Rd2+ 39.
Kh3 h5 40. a4 Ra2 41. a5 Rxa5 42. Rb7 Ra3 43. Re7 b3 44. Re2 b2 45. Rd2 b1=Q
46. Ra2 Qh1+ 0-1

[Event "Mechanics' Jul-Aug TNM 2000+"]
[Site "San Francisco"]
[Date "2021.08.17"]
[Round "6.2"]
[White "Clemens, Kristian"]
[Black "Weng, Nicholas"]
[Result "1-0"]
[WhiteElo "1997"]
[BlackElo "2013"]
[PlyCount "79"]
[EventDate "2021.??.??"]

1. Nf3 Nf6 2. c4 g6 3. Nc3 d5 4. cxd5 Nxd5 5. g3 Bg7 6. Bg2 c5 7. Qb3 ({
Relevant:} 7. h4 h6 8. O-O Nc6 9. d3 O-O 10. Bd2 Nxc3 11. bxc3 Bg4 12. Rb1 Qd7
13. Re1 Rad8 14. Qc2 b6 15. Bc1 Bf5 16. Nd2 Ne5 17. Ne4 Bh3 18. f3 Bxg2 19.
Kxg2 Qc6 20. c4 Qd7 21. Bb2 Nc6 22. Bxg7 Kxg7 23. Qb2+ Qd4 24. Qxd4+ Nxd4 25.
Nc3 e6 26. Nb5 Nc6 27. Nc3 Nd4 28. Nb5 Nc6 29. Nc3 Nd4 {1/2-1/2 (29) Grischuk,
A (2777)-Svidler,P (2723) Chess.com INT 2020}) 7... Nb6 8. d3 O-O 9. Be3 {[#]}
N6d7 $146 ({Predecessor:} 9... Na6 10. Rc1 Be6 11. Qa3 c4 12. Ng5 Bc8 13. O-O
cxd3 14. exd3 e5 15. Nge4 Re8 16. Qd6 f5 17. Bg5 Qd7 18. Qxd7 Bxd7 19. Nd6 Re6
20. Nxb7 h6 21. Be3 Rb8 22. Na5 Nb4 23. Rfd1 Rd6 24. Bc5 {1-0 (24) Ilic,
Z-Djurovic,S Skender Vakuf (Knezevo) 1980}) 10. O-O Nc6 11. Rac1 b6 12. Rfd1 e5
13. Nb5 a6 14. Nd6 Qe7 15. Qd5 Ndb8 16. Nxc8 Rxc8 17. Ng5 Ra7 18. Qb3 Nd8 19.
Qxb6 Rd7 20. Rxc5 Rxc5 21. Qxc5 Qxc5 22. Bxc5 h6 23. Ne4 Ne6 24. Be3 Rc7 25.
Rc1 Rxc1+ 26. Bxc1 Nd4 27. Kf1 Kf8 28. e3 Ndc6 29. Ke2 Ke7 30. Bd2 f5 31. Nc3
Kd6 32. Nd5 a5 33. Nb6 Kc5 34. Nc4 Kb5 35. Bc3 Nb4 36. Bxe5 Bxe5 37. Nxe5 Nxa2
38. Nxg6 Nb4 39. Ne5 N8a6 40. d4 1-0

[Event "Mechanics' Jul-Aug TNM 2000+"]
[Site "San Francisco"]
[Date "2021.08.17"]
[Round "6.4"]
[White "Acosta, Anthony"]
[Black "Argo, Guy"]
[Result "0-1"]
[WhiteElo "1818"]
[BlackElo "1928"]
[PlyCount "72"]
[EventDate "2021.??.??"]

1. e4 e5 2. Bc4 f5 3. d3 Nf6 4. Bg5 ({Relevant:} 4. Nf3 c6 5. O-O d6 6. Re1
fxe4 7. dxe4 Qe7 8. a4 Be6 9. Nbd2 Nbd7 10. b3 Nc5 11. Ba3 Nfd7 12. a5 Rd8 13.
Qe2 Qf6 14. Rad1 Be7 15. b4 Na4 16. Qe3 Bxc4 17. Nxc4 b5 18. axb6 Naxb6 19. Qb3
Nxc4 20. Qxc4 Nb8 21. b5 c5 22. Ra1 Nd7 23. Qa4 O-O 24. Qxa7 Qg6 25. Re3 Rf7
26. b6 Nb8 27. Qa4 Rdf8 28. Kh1 Bd8 29. Rb1 Rb7 30. Reb3 Rf4 31. Qc4+ Qf7 32.
Qe2 Nc6 33. c3 g5 {Magem Badals,J (2534)-Argandona Riveiro,I (2364) San
Sebastian 2009 1-0}) 4... fxe4 5. dxe4 Bc5 6. Nf3 {[#]} Bxf2+ $146 ({
Predecessor:} 6... d6 7. O-O h6 8. Bh4 g5 9. Nxg5 hxg5 10. Bxg5 Nbd7 11. Nc3
Nb6 12. Bb3 Qe7 13. Qf3 Rf8 14. h3 Be6 15. Ne2 O-O-O 16. Ng3 Bxb3 17. axb3 Qg7
18. h4 Nbd7 19. Nf5 {1/2-1/2 (19) Oslej,M (1242)-Ralbovsky,D (1115) Slovakia
2019}) 7. Ke2 Bb6 8. Rf1 Qe7 9. c3 d6 10. Qb3 Nc6 11. Nbd2 Na5 12. Qa4+ Bd7 13.
Bb5 c6 14. Bd3 Bc7 15. Qc2 b5 16. h3 d5 17. Rae1 Nc4 18. Kd1 Nxd2 19. Nxd2
O-O-O 20. a4 a6 21. Ke2 Rdf8 22. Ra1 Qe8 23. axb5 Qh5+ 24. Nf3 axb5 25. Bxf6
gxf6 26. Qb3 dxe4 27. Bxe4 f5 28. g4 fxg4 29. hxg4 Qxg4 30. Qb4 Rf4 31. Ra8+
Bb8 32. Kd3 Rxe4 33. Qd6 Kb7 34. Qa3 Ra4 35. Rxa4 bxa4 36. c4 e4+ 0-1

[Event "Mechanics' Jul-Aug TNM 2000+"]
[Site "San Francisco"]
[Date "2021.08.17"]
[Round "6.5"]
[White "Guo, Andrew"]
[Black "Persidsky, Andre"]
[Result "1/2-1/2"]
[WhiteElo "1885"]
[BlackElo "1828"]
[PlyCount "99"]
[EventDate "2021.??.??"]

1. Nf3 d5 2. d4 Nf6 3. g3 g6 4. Bg2 Bg7 5. O-O O-O 6. c4 c6 7. Qc2 Bf5 8. Qb3
Qb6 9. Nc3 dxc4 10. Qxc4 Be6 11. Qd3 ({Relevant:} 11. Qa4 Qa6 12. Qc2 Nd5 13.
Bg5 Re8 14. Rfe1 Nxc3 15. bxc3 c5 16. Qe4 h6 17. Bf4 Nd7 18. Ne5 Nxe5 19. Bxe5
Bxe5 20. Qxe5 cxd4 21. cxd4 Bc4 22. e3 Rab8 23. a4 Qd6 24. Qe4 e6 25. Qc2 Rec8
26. Rec1 Qd7 27. Qd2 b5 28. axb5 Bxb5 29. e4 Rxc1+ 30. Rxc1 Rd8 31. d5 exd5 32.
exd5 h5 33. Qf4 Rc8 34. Ra1 Rd8 35. h4 a6 36. Rc1 Qd6 37. Rc8 Kg7 38. Qd4+ Kg8
39. Rxd8+ Qxd8 40. d6 Bd7 {Esipenko,A (2611)-Pridorozhni,A (2588) Yaroslavl
2019 1/2-1/2}) 11... Rd8 12. Na4 {[#]} Qb4 $146 ({Predecessor:} 12... Qa6 13.
Nc5 Qxd3 14. Nxd3 Na6 15. Rd1 h6 16. b3 Nd5 17. Nf4 Nxf4 18. Bxf4 Nb4 19. Be5
Bxe5 20. Nxe5 Nc2 21. Rac1 Nxd4 22. Kf1 Nf5 23. Nd3 Rab8 24. Nc5 Rd6 25. Ke1
Nd4 26. e3 Nb5 27. a4 Nc7 28. b4 a6 29. h3 Bd5 30. e4 Be6 31. f4 h5 32. Ke2 b6
33. Nxe6 Nxe6 34. Ke3 c5 35. f5 Rxd1 36. Rxd1 Nd4 37. g4 hxg4 38. hxg4 Nc2+ 39.
Kf4 Nxb4 40. e5 c4 41. Kg5 gxf5 42. gxf5 {Porrasmaa,T (2037)-Syvalahti,H (2038)
Finland 2015 0-1}) 13. Nc5 Bf5 14. Qb3 Qxb3 15. axb3 Bc8 16. Bd2 Nbd7 17. Nd3
Nf8 18. Bb4 Re8 19. Nfe5 Nd5 20. Bd2 Ne6 21. e3 Nec7 {[#]} 22. Ra2 f6 23. Nc4
Be6 24. Nc5 Bc8 25. Rfa1 Nb5 26. Bxd5+ cxd5 27. Na3 Nd6 28. Nb1 a6 29. Nc3 e6
30. b4 Rb8 31. b3 Kf7 32. Kf1 Re7 33. f3 Bd7 34. Kf2 Bc6 35. Rc1 e5 36. Ne2 Nb5
37. dxe5 fxe5 38. e4 dxe4 39. fxe4 Rd8 40. Bg5 Bf6 41. Bxf6 Kxf6 42. Ke3 Be8
43. Nc3 Nxc3 44. Rxc3 Bb5 45. Rf2+ Kg7 46. Rd2 Rxd2 47. Kxd2 b6 48. Na4 Bxa4
49. bxa4 Rd7+ 50. Rd3 1/2-1/2

[Event "Mechanics' Jul-Aug TNM u2000"]
[Site "San Francisco"]
[Date "2021.08.17"]
[Round "6.6"]
[White "Stafford, Adam"]
[Black "Sun, Kevin"]
[Result "1/2-1/2"]
[WhiteElo "1473"]
[BlackElo "1517"]
[PlyCount "78"]
[EventDate "2021.07.13"]
[EventType "swiss"]
[EventRounds "7"]
[EventCountry "USA"]

1. e4 c5 2. Nf3 Nc6 3. d4 cxd4 4. Nxd4 g6 5. Nc3 Bg7 6. Be3 Nf6 7. Bc4 O-O 8.
Bb3 Re8 ({Relevant:} 8... d6 9. h3 Na5 10. O-O b6 11. Re1 Bb7 12. Bg5 Nxb3 13.
cxb3 h6 14. Bh4 Qd7 15. Qd2 Rac8 16. Rad1 Kh7 17. Ndb5 a6 18. e5 dxe5 19. Qxd7
Nxd7 20. Bxe7 Rfe8 21. Bb4 axb5 22. Rxd7 Bc6 23. Rxf7 Kg8 24. Ra7 e4 25. Nd1
Ra8 26. Rxa8 Rxa8 27. a3 Bd5 28. Bc3 Bxb3 29. Bxg7 Kxg7 30. Nc3 Bc2 31. Nxb5
Kf6 32. Nc3 Kf5 33. Nd5 Bd3 34. Rc1 b5 35. Rc5 Ke5 36. Ne3+ Kd6 37. Rd5+ Ke6
38. Rc5 {Lagarde,M (2648)-Gelfand,B (2675) Biel 2021 1-0 (68)}) 9. f3 $1 {
9.f3 scores better than 9.0-0.} e6 10. f4 d6 11. Ndb5 Bf8 {[#]} 12. h3 $146 ({
Predecessor:} 12. Qf3 a6 13. Nd4 Na5 14. O-O b5 15. f5 exf5 16. exf5 Bb7 17.
Bxf7+ Kxf7 18. Qg3 Bg7 19. fxg6+ hxg6 20. Bg5 Nc6 21. Rxf6+ Bxf6 22. Rf1 Nxd4
23. Bxf6 Qxf6 24. Rxf6+ Kxf6 25. Qh4+ Ke5 26. Qh7 Bxg2 27. Qg7+ Ke6 28. Qxg6+
Kd7 29. Qg7+ Ke6 30. Qxd4 Rg8 31. Kf2 Raf8+ 32. Ke3 Rg5 33. Qb6 Rc5 34. Ne2
Rf3+ 35. Kd2 Rf2 36. Ke3 Rf3+ 37. Kd2 Rf2 38. Ke3 Rf3+ 39. Kd2 Rf2 {1/2-1/2 
(39) Navara,D (2745)-Mamedov,R (2704) Shamkir 2018}) 12... a6 13. Nd4 Bd7 14.
Nf3 Qc7 15. g4 Na5 16. Qd2 Nxb3 17. axb3 Bc6 18. Qd3 d5 19. e5 Ne4 20. Nd4 Nxc3
21. Qxc3 a5 22. O-O Bb4 23. Qd3 Bf8 24. c3 Bg7 25. Nb5 Bxb5 26. Qxb5 g5 27. Bb6
Qe7 28. Bc5 Qd8 29. Bd6 gxf4 30. Rxf4 Qg5 31. Raf1 Bxe5 32. Bxe5 Qxe5 33. Qxb7
Qe3+ 34. Kg2 Rf8 35. Rxf7 Qe4+ 36. Kg3 Qe3+ 37. Kg2 Qe4+ 38. Kh2 Qe2+ 39. Kg3
Qe3+ 1/2-1/2

[Event "Mechanics' Jul-Aug TNM u2000"]
[Site "San Francisco"]
[Date "2021.08.17"]
[Round "6.7"]
[White "Singh, Amitoj"]
[Black "Brownlow, Samuel"]
[Result "0-1"]
[WhiteElo "1819"]
[BlackElo "1795"]
[PlyCount "42"]
[EventDate "2021.07.13"]
[EventType "swiss"]
[EventRounds "7"]
[EventCountry "USA"]

1. d4 d5 2. c4 e6 3. Nf3 Nf6 4. g3 dxc4 5. Qa4+ Bd7 6. Qxc4 Bc6 7. Nc3 Nbd7 8.
Bg2 Nb6 9. Qb3 Be7 10. O-O O-O 11. Re1 Ne4 {[#]} ({Relevant:} 11... Nbd5 12.
Bg5 Nxc3 13. bxc3 h6 14. Bf4 Bd6 15. Ne5 Bxg2 16. Kxg2 Nd5 17. Bd2 Bxe5 18.
dxe5 Nb6 19. Rad1 Qd7 20. e4 Qc6 21. Bc1 Rfd8 22. Rd2 Rxd2 23. Bxd2 Rd8 24. Bc1
Nc4 25. f4 b5 26. Qc2 Qd7 27. Qf2 Qd3 {0-1 (27) Caceres Vasquez,S (2061)-Rojas
Salas,S (2194) Chess.com INT 2020}) 12. Ne5 $2 $146 {[#]} ({Predecessor:} 12.
Qc2 Nxc3 13. bxc3 Nc4 14. Qd3 Nd6 15. e4 Bb5 16. Qc2 a5 17. c4 Nxc4 18. Bf1 Nd6
19. e5 Bxf1 20. Rxf1 Nf5 21. Qe4 c5 22. dxc5 Bxc5 23. Bg5 Qc7 24. Rab1 b6 25.
Rfc1 h6 26. g4 Ne7 27. Be3 Nd5 28. Bxc5 bxc5 29. Qc4 Rfc8 30. Rb5 Nb4 31. a3
Na6 32. h3 Qc6 33. Rcb1 Qxf3 34. R1b3 Qd1+ 35. Qf1 Qxf1+ 36. Kxf1 c4 37. Rc3
Nc7 38. Rb1 Nd5 39. Rcc1 Nf4 40. Rc3 Nd5 41. Rc2 c3 {Santamaria Quintana,I 
(1372)-Balana Romero,R (1859) ICCF email 2015 0-1}) 12... Qxd4 $1 13. Nxe4 $2 (
13. Bxe4 Bxe4 14. Bf4 Bd5 $17) 13... Bxe4 $19 14. Nf3 Qc4 15. Qxc4 Nxc4 16. b3
Bf6 17. bxc4 Bxa1 18. Ba3 Bf6 19. Bxf8 Kxf8 20. Nd2 Bxg2 21. Kxg2 Bc3 0-1

[Event "Mechanics' Jul-Aug TNM u2000"]
[Site "San Francisco"]
[Date "2021.08.17"]
[Round "6.8"]
[White "Rakonitz, David"]
[Black "Porlares, Ted"]
[Result "1/2-1/2"]
[WhiteElo "1622"]
[BlackElo "1789"]
[PlyCount "118"]
[EventDate "2021.07.13"]
[EventType "swiss"]
[EventRounds "7"]
[EventCountry "USA"]

1. d4 Nf6 2. Nf3 d5 3. c4 e6 4. Nc3 Be7 5. Bg5 O-O 6. e3 b6 7. cxd5 exd5 8. Bd3
Bg4 ({Relevant:} 8... Bb7 9. Bf4 c5 10. dxc5 bxc5 11. O-O Nbd7 12. h3 Nb6 13.
Rc1 Rc8 14. Bf5 Ra8 15. Qe2 Bd6 16. Bxd6 Qxd6 17. Rfd1 Rfe8 18. Nb5 Qe7 19. b4
c4 20. Qb2 Bc6 21. Nc3 Reb8 22. Nd4 Be8 23. Rb1 Na4 24. Nxa4 Bxa4 25. Bc2 Bxc2
26. Qxc2 Rb6 27. b5 Qc5 28. a4 a5 29. Nc6 Kf8 30. Qc3 h6 31. Rbc1 Rb7 32. Qd4
Qxd4 33. Rxd4 Ke8 34. g4 Rd7 35. f3 Kf8 36. Kf2 g5 37. Kg3 Rd6 38. h4 {
Stremavicius,T (2665)-Khamrakulov,D (2894) Chess.com INT 2020 1-0}) 9. h3 Bh5
10. O-O Nbd7 11. Rc1 c6 {[#]} 12. Qe2 $146 ({Predecessor:} 12. Bf4 Re8 13. g4
Bg6 14. Be2 Rc8 15. Qa4 Ne4 16. Qxa7 Ndf6 17. Qa4 Bd6 18. Ne5 Bxe5 19. Bxe5 Nd2
20. Rfd1 Nfe4 21. Nxe4 Nxe4 22. Rxc6 Qh4 23. Rf1 Ng5 24. Bg3 Qxh3 25. Rxc8 Rxc8
26. Qd1 Be4 27. f3 Qxg3+ 28. Kh1 Rc6 {0-1 (28) Arranz Granados,F-Ortiz Ortuno,
J Valladolid 1986}) 12... h6 13. Bh4 b5 14. Rfd1 Re8 15. Bg3 Nh7 16. e4 Bg5 17.
Rc2 dxe4 18. Nxe4 f5 19. Rxc6 fxe4 20. Bxb5 exf3 21. Qc4+ Kh8 22. Rd3 Qe7 23.
Rc7 Qe1+ 24. Kh2 fxg2 25. Kxg2 Qe4+ 26. Kh2 Nb6 27. Qb3 Bf4 28. Bc6 Bxg3+ 29.
Rxg3 Qf4 30. Bxe8 Rxe8 31. Rcxg7 Qxf2+ 32. Rg2 Qf4+ 33. Qg3 Qxg3+ 34. R2xg3
Re2+ 35. Kg1 Ng5 36. Rxa7 Nf3+ 37. Kf1 Nd2+ 38. Kg1 Re1+ 39. Kg2 Re2+ 40. Kg1
Ne4 41. Rgg7 Ng5 42. Rgb7 Nxh3+ 43. Kf1 Re6 44. Rb8+ Be8 45. a4 Nc4 46. Kg2
Nf4+ 47. Kf3 Nd5 48. b4 Nd6 49. b5 Re3+ 50. Kf2 Ne4+ 51. Kf1 Ng3+ 52. Kf2 Ne4+
53. Kf1 Ng3+ 54. Kf2 Nf5 55. Rd8 Nf6 56. b6 Ne4+ 57. Kf1 Nd2+ 58. Kf2 Ne4+ 59.
Kf1 Nd2+ 1/2-1/2

[Event "Mechanics' Jul-Aug TNM u2000"]
[Site "San Francisco"]
[Date "2021.08.17"]
[Round "6.11"]
[White "Mercado, Adam"]
[Black "Pimpalkhare, Nikhil"]
[Result "1/2-1/2"]
[WhiteElo "1879"]
[BlackElo "1577"]
[PlyCount "82"]
[EventDate "2021.07.13"]
[EventType "swiss"]
[EventRounds "7"]
[EventCountry "USA"]

1. d4 d5 2. c4 c6 3. Nf3 Nf6 4. Nc3 e6 5. Bg5 Nbd7 6. e3 Qa5 7. Nd2 dxc4 8.
Bxf6 Nxf6 9. Nxc4 Qc7 10. Bd3 Be7 11. Rc1 b6 12. Ne5 c5 13. Qf3 Bb7 14. Bb5+
Kf8 15. Bc6 Bxc6 16. Nxc6 Rc8 17. Ne5 cxd4 18. exd4 Bd6 19. Qe2 g6 20. O-O Kg7
21. Qe3 Qb7 22. f4 Rhd8 23. h3 Be7 24. g4 Rxd4 25. g5 Nd5 26. Nxd5 Rxc1 27.
Qxc1 Qxd5 28. Qc6 Bc5 29. Qxd5 Rxd5+ 30. Kg2 Rd2+ 31. Kf3 f6 32. Ng4 fxg5 33.
fxg5 Bd4 34. Rc1 Bc5 35. b4 Bd6 36. Rc8 Rxa2 37. Nh6 Ra3+ 38. Ke4 Bf8 39. Rc7+
Kh8 40. Ng4 Rxh3 41. Rc8 Kg7 1/2-1/2

[Event "Mechanics' Jul-Aug TNM u2000"]
[Site "San Francisco"]
[Date "2021.08.17"]
[Round "6.12"]
[White "Cortinas, Marty"]
[Black "Carron, Joel"]
[Result "0-1"]
[WhiteElo "1720"]
[BlackElo "1610"]
[PlyCount "52"]
[EventDate "2021.07.13"]
[EventType "swiss"]
[EventRounds "7"]
[EventCountry "USA"]

1. d4 Nf6 2. c4 e6 3. Nf3 d5 4. Nc3 dxc4 5. e3 a6 6. a4 Bb4 7. Bxc4 Ne4 8. Qc2
Nxc3 9. bxc3 Be7 10. O-O Nd7 11. Re1 O-O 12. e4 c5 13. Bb2 b6 14. Rad1 Qc7 15.
Ba2 cxd4 16. Nxd4 Nf6 17. Qe2 Bb7 18. Bb1 Qf4 19. Bc1 Qc7 20. Rd3 Bxe4 21. Bg5
Bxd3 22. Bxd3 Qxc3 23. Nxe6 fxe6 24. Qxe6+ Kh8 25. Bb1 Bb4 26. Rc1 Rae8 0-1

[Event "Mechanics' Jul-Aug TNM u2000"]
[Site "San Francisco"]
[Date "2021.08.17"]
[Round "6.13"]
[White "Uzakbaev, Nursultan\"\]"]
[Black "Starr, Albert"]
[Result "1-0"]
[WhiteElo "1513"]
[BlackElo "1609"]
[PlyCount "65"]
[EventDate "2021.07.13"]
[EventType "swiss"]
[EventRounds "7"]
[EventCountry "USA"]

1. d4 f5 2. Nf3 Nf6 3. c4 g6 4. Bf4 Bg7 5. e3 O-O 6. Nc3 c6 7. Be2 d6 8. Qb3
Qb6 9. Qc2 Re8 10. c5 dxc5 11. O-O cxd4 12. exd4 Nd5 13. Be5 Bxe5 14. dxe5 Nxc3
15. Qxc3 Be6 16. Ng5 Bd5 17. e6 Rf8 18. Qh3 h5 {[#]} 19. Bxh5 $1 Kg7 20. Bxg6
$1 Kxg6 21. Qh7+ Kf6 (21... Kxg5 22. Rae1 $3 (22. Qxe7+ Kg6 23. Qxf8) (22. Qg7+
$1)) 22. Qh6+ (22. Rfe1 $1) 22... Ke5 23. Rfe1+ Kd4 24. Qxf8 c5 25. Rac1 c4 26.
Qxe7 Be4 27. Nxe4 fxe4 28. Rcd1+ Ke5 29. Qg7+ Kxe6 30. Rxe4+ Kf5 31. Qg4+ (31.
Re5+ Kf4 32. Qg5#) 31... Kf6 32. Rf4+ Ke7 33. Qg7+ 1-0

[Event "Mechanics' Jul-Aug TNM u2000"]
[Site "San Francisco"]
[Date "2021.08.17"]
[Round "6.14"]
[White "Parsons, Stephen"]
[Black "Craig, Aaron"]
[Result "1-0"]
[WhiteElo "1532"]
[BlackElo "1408"]
[PlyCount "55"]
[EventDate "2021.07.13"]
[EventType "swiss"]
[EventRounds "7"]
[EventCountry "USA"]

1. c4 e5 2. Nc3 Nc6 3. Nf3 f5 4. e3 Nf6 5. d4 e4 6. Ng1 d5 7. Nge2 Be7 8. Nf4
O-O 9. cxd5 Nb4 10. Bc4 Kh8 11. h4 Bd6 12. Nce2 Bxf4 13. Nxf4 Nbxd5 14. Nxd5
Nxd5 15. h5 Be6 16. h6 g6 17. b3 c6 18. Bb2 Qg5 19. Qd2 a5 20. g3 a4 21. Ba3
Rfe8 22. Bd6 b5 23. Bxd5 Bxd5 24. Bf4 Qe7 25. b4 Qe6 26. a3 Bc4 27. Qc3 {[#]}
Rad8 $4 28. d5+ 1-0

[Event "Mechanics' Jul-Aug TNM u2000"]
[Site "San Francisco"]
[Date "2021.08.17"]
[Round "6.15"]
[White "Morgan, Jerry"]
[Black "Casares Jr, Nick"]
[Result "1-0"]
[WhiteElo "1483"]
[BlackElo "1600"]
[PlyCount "79"]
[EventDate "2021.07.13"]
[EventType "swiss"]
[EventRounds "7"]
[EventCountry "USA"]

1. f4 d5 2. Nf3 Nf6 3. g3 c5 4. Bg2 Nc6 5. d3 Bg4 6. h3 Bd7 7. O-O Qc8 8. Kh2
h5 9. Nh4 e6 10. e4 Be7 11. e5 Ng8 12. Nf3 Nh6 13. Nc3 a6 14. Ne2 Qc7 15. c3
O-O-O 16. d4 c4 17. b3 f6 18. b4 fxe5 19. fxe5 Nf7 20. a4 g5 21. Nd2 {[#]}
Nfxe5 22. b5 Ng4+ 23. hxg4 hxg4+ 24. Kg1 Nb8 25. bxa6 Nxa6 26. Nb1 Bd6 27. Bxg5
Rdg8 28. Bf4 e5 29. dxe5 Bc5+ 30. Nd4 Qb6 31. Rf2 Nc7 32. Raa2 Ne6 33. Rab2 Qa7
34. Be3 b6 35. Bxd5 Nxd4 36. cxd4 Be6 37. Be4 Bf8 38. d5 Bc5 39. Bxc5 bxc5 40.
dxe6 1-0

[Event "Mechanics' Jul-Aug TNM u1600"]
[Site "San Francisco"]
[Date "2021.08.17"]
[Round "6.10"]
[White "Bastiani-Fonck, Claudio"]
[Black "Sterling, Isaac"]
[Result "0-1"]
[WhiteElo "1377"]
[BlackElo "1236"]
[PlyCount "56"]
[EventDate "2021.07.13"]
[EventType "swiss"]
[EventRounds "7"]
[EventCountry "USA"]

1. e4 c5 2. Nf3 Nc6 3. d4 cxd4 4. Nxd4 Nf6 5. Nc3 e5 6. Nf3 (6. Ndb5 d6 7. Bg5
(7. Nd5) 7... a6 8. Na3 b5 9. Bxf6 (9. Nd5 Be7 10. Bxf6) 9... gxf6 10. Nd5 f5 (
10... Bg7)) 6... Bb4 7. Bd3 Bxc3+ 8. bxc3 h6 9. O-O O-O 10. h3 d6 11. Re1 Be6
12. Ba3 Qc7 13. Qe2 Na5 14. Bb4 Rfd8 15. Bxa5 Qxa5 16. c4 Rac8 17. Reb1 Rc7 18.
a4 b6 19. Ra3 Qc5 20. Rc3 Qa5 21. Ra3 Qc5 22. Rc3 Qc6 23. Rb4 d5 24. exd5 Nxd5
25. cxd5 Qxc3 26. Rb3 Qa1+ 27. Kh2 Bxd5 28. Qxe5 Qxe5+ 0-1

[Event "Mechanics' Jul-Aug TNM u1600"]
[Site "San Francisco"]
[Date "2021.08.17"]
[Round "6.17"]
[White "Thibault, William"]
[Black "Zirbel, Dominic"]
[Result "0-1"]
[WhiteElo "1050"]
[BlackElo "1481"]
[PlyCount "60"]
[EventDate "2021.07.13"]
[EventType "swiss"]
[EventRounds "7"]
[EventCountry "USA"]

1. e4 c6 2. d3 d5 3. Nd2 Nf6 4. g3 Bg4 5. Ngf3 e6 6. Bg2 Nbd7 7. Qe2 Bd6 8. O-O
Qb6 9. c3 O-O-O 10. d4 dxe4 11. Nxe4 Nxe4 12. Qxe4 Nf6 13. Qc2 h5 14. Ng5 Rd7
15. h4 Bf5 16. Be4 Nxe4 17. Nxe4 Be7 18. Be3 Bxe4 19. Qxe4 Qxb2 20. c4 Bf6 21.
d5 exd5 22. cxd5 Rxd5 23. Bxa7 Qa3 24. Bb6 Bxa1 25. Rxa1 Qd6 26. Qa4 Re8 27.
Rc1 Re2 28. Rxc6+ Qxc6 29. Qa8+ Kd7 30. Qd8+ Ke6 0-1

[Event "Mechanics' Jul-Aug TNM u1600"]
[Site "San Francisco"]
[Date "2021.08.17"]
[Round "6.18"]
[White "Imbens, Andrew"]
[Black "Ballantyne, Andrew"]
[Result "0-1"]
[WhiteElo "1296"]
[BlackElo "948"]
[PlyCount "120"]
[EventDate "2021.07.13"]
[EventType "swiss"]
[EventRounds "7"]
[EventCountry "USA"]

1. e4 e5 2. f4 exf4 3. Nf3 Ne7 4. d4 Ng6 5. h4 h5 6. Nc3 Be7 7. Nd5 Nxh4 8.
Bxf4 Nxf3+ 9. Qxf3 d6 10. Rxh5 Rxh5 11. Qxh5 Bf6 12. Qh8+ Kd7 13. Qh3+ Ke8 14.
Qc3 c6 15. Ne3 Bg5 16. Bxg5 Qxg5 17. O-O-O Nd7 18. Kb1 Nf6 19. Nc4 Nxe4 20. Re1
d5 21. Nd6+ Kf8 22. Nxe4 dxe4 23. Rxe4 a5 24. Qa3+ Kg8 25. Re8+ Kh7 26. Qf8 Qg4
27. Be2 Qxg2 28. Qh8+ Kg6 29. Qh5+ Kf6 30. Qe5+ Kg6 31. Bh5+ Kh7 32. b3 f6 33.
Qc5 b6 34. Qf8 Qh1+ 35. Kb2 Qxh5 36. Rxc8 Rxc8 37. Qxc8 Qd5 38. Qh3+ Kg6 39.
Qg4+ Kf7 40. c4 Qd6 41. Qh5+ Ke7 42. Qg4 g5 43. Kc3 Qe6 44. Qg3 Kd7 45. Qf2 g4
46. d5 cxd5 47. cxd5 Qxd5 48. Qxb6 Qc6+ 49. Qxc6+ Kxc6 50. Kd3 f5 51. a3 g3 52.
Ke3 f4+ 53. Kf3 Kc5 54. Kg2 Kd4 55. Kf3 Kc3 56. b4 axb4 57. a4 b3 58. a5 b2 59.
a6 b1=Q 60. a7 Qb7+ 0-1

[Event "Mechanics' Jul-Aug TNM u1600"]
[Site "San Francisco"]
[Date "2021.08.17"]
[Round "6.19"]
[White "Hack, Richard"]
[Black "Hule, Pratyush"]
[Result "1-0"]
[WhiteElo "1569"]
[BlackElo "825"]
[PlyCount "77"]
[EventDate "2021.07.13"]
[EventType "swiss"]
[EventRounds "7"]
[EventCountry "USA"]

1. e4 e5 2. Nf3 Nc6 3. Bb5 Bc5 4. c3 d6 5. h3 a6 6. Ba4 b5 7. Bc2 h6 8. O-O Qf6
9. d3 Nge7 10. b4 Bb6 11. a4 Bb7 12. axb5 axb5 13. Rxa8+ Bxa8 14. Nbd2 Na7 15.
Nb3 {[#]} c5 16. Be3 O-O 17. bxc5 dxc5 18. Nxc5 Rc8 19. Nd7 Qd6 20. Nxb6 Rb8
21. Nxa8 Rxa8 22. Qd2 Nac6 23. Rb1 Rb8 24. d4 b4 25. cxb4 exd4 26. Bf4 Qd8 27.
Bxb8 Qxb8 28. b5 Ne5 29. Nxd4 Nc4 30. Qb4 Nd6 31. Nc6 Nxc6 32. bxc6 Qxb4 33.
Rxb4 Kf8 34. e5 Ne8 35. Rb8 Ke7 36. Bf5 Nc7 37. Rc8 Nd5 38. Bd7 Nb6 39. Re8#
1-0

[Event "Mechanics' Jul-Aug TNM Extra Games"]
[Site "San Francisco"]
[Date "2021.08.17"]
[Round "6.30"]
[White "Hao, Max"]
[Black "Chin, Alex"]
[Result "1-0"]
[WhiteElo "1922"]
[BlackElo "1811"]
[PlyCount "119"]
[EventDate "2021.??.??"]

1. d4 Nf6 2. c4 e6 3. g3 d5 4. Bg2 c6 5. Nf3 Bd6 6. O-O Nbd7 7. Nbd2 O-O 8. Qc2
e5 9. e4 dxe4 10. Nxe4 Nxe4 11. Qxe4 f5 12. Qc2 e4 13. Ng5 Nf6 14. Qb3 Be7 15.
Rd1 Qb6 16. Be3 Ng4 17. Nh3 Qxb3 18. axb3 Nxe3 19. fxe3 g5 20. Nf2 g4 21. Rf1
b5 22. cxb5 cxb5 23. Nxe4 fxe4 24. Bxe4 Rxf1+ 25. Kxf1 Rb8 26. Rxa7 Kf8 27.
Bxh7 Be6 28. Ke2 Rc8 29. Rb7 b4 30. Kd2 Kf7 31. Be4 Kf6 32. Rb6 Kf7 33. d5 Bd7
34. Rb7 Rd8 35. Bd3 Bc5 36. Bf5 Ke8 37. Bxd7+ Rxd7 38. Rxd7 Kxd7 39. Kd3 Ke7
40. Ke4 Kf6 41. Kf4 Bb6 42. e4 Bg1 43. e5+ Kf7 44. Kxg4 Bxh2 45. Kf3 Bg1 46.
Ke4 Bf2 47. g4 Bh4 48. Kd4 Bg3 49. Ke4 Bh4 50. Kf5 Bd8 51. d6 Bb6 52. g5 Bc5
53. g6+ Kf8 54. Ke6 Bb6 55. d7 Bd8 56. Kd6 Bg5 57. Kc7 Kg7 58. d8=Q Bxd8+ 59.
Kxd8 Kxg6 60. Kd7 1-0

[Event "Mechanics' Jul-Aug TNM Extra Games"]
[Site "San Francisco"]
[Date "2021.08.17"]
[Round "6.33"]
[White "Rex, Tobias"]
[Black "Agdamag, Samuel"]
[Result "1-0"]
[WhiteElo "1013"]
[BlackElo "1504"]
[PlyCount "59"]
[EventDate "2021.??.??"]

1. c4 Nf6 2. Nc3 g6 3. g3 Bg7 4. Bg2 O-O 5. e4 d6 6. h3 Nc6 7. Nge2 e5 8. O-O
Ne8 9. d3 Be6 10. b3 Qd7 11. Kh2 a6 12. Be3 Rb8 13. Qd2 f5 14. exf5 gxf5 15. f4
Nf6 16. Rae1 Qf7 17. Ng1 Qg6 18. Nd5 Bxd5 19. cxd5 Ne7 20. fxe5 Nfxd5 21. Bd4
c5 22. Ba1 Bh6 23. Qb2 f4 24. g4 Qxd3 25. e6 Qg3+ 26. Kh1 Ng6 27. Bxd5 Ne5 28.
e7+ Kh8 29. Rxe5 dxe5 30. Qxe5+ 1-0